<?xml version="1.0" encoding="UTF-8"?>
<record
    xmlns:xsi="http://www.w3.org/2001/XMLSchema-instance"
    xsi:schemaLocation="http://www.loc.gov/MARC21/slim http://www.loc.gov/standards/marcxml/schema/MARC21slim.xsd"
    xmlns="http://www.loc.gov/MARC21/slim">

  <leader>02738nam a22003737a 4500</leader>
  <datafield tag="999" ind1=" " ind2=" ">
    <subfield code="c">21751</subfield>
    <subfield code="d">21751</subfield>
  </datafield>
  <controlfield tag="003">AR-CdUCM</controlfield>
  <controlfield tag="008">190425b           ||||| |||| 00| 0 spa d</controlfield>
  <datafield tag="040" ind1=" " ind2=" ">
    <subfield code="a">MUNICIPALIDAD PROVINCIAL DEL CUSCO</subfield>
    <subfield code="c">BIBLIOTECA MUNICIPAL DEL CUSCO</subfield>
  </datafield>
  <datafield tag="082" ind1=" " ind2=" ">
    <subfield code="a">Rev.Univ/N&#xB0;97/1949</subfield>
    <subfield code="b">Rev.Univ/N&#xB0;97/1949</subfield>
  </datafield>
  <datafield tag="110" ind1=" " ind2=" ">
    <subfield code="a">Universidad Nacional de San Antonio Abad del Cusco</subfield>
    <subfield code="9">15942</subfield>
  </datafield>
  <datafield tag="245" ind1=" " ind2=" ">
    <subfield code="a">Revista Universitaria :</subfield>
    <subfield code="b">&#xD3;rgano de la Universidad del Cuzco /</subfield>
  </datafield>
  <datafield tag="260" ind1=" " ind2=" ">
    <subfield code="a">Cusco :</subfield>
    <subfield code="b">H.G. Rozas,</subfield>
    <subfield code="c">1949.</subfield>
  </datafield>
  <datafield tag="300" ind1=" " ind2=" ">
    <subfield code="a">452 p&#xE1;ginas. :</subfield>
    <subfield code="c">20 cm.</subfield>
  </datafield>
  <datafield tag="440" ind1=" " ind2=" ">
    <subfield code="a">Revista Universitaria</subfield>
    <subfield code="n">A&#xF1;o XXXVIII, 2&#xB0; semestre 1949, N&#xB0;97.</subfield>
    <subfield code="9">45963</subfield>
  </datafield>
  <datafield tag="505" ind1=" " ind2=" ">
    <subfield code="a">Contenido: Exposici&#xF3;n de motivos del proyecto de ley sobre acumulaci&#xF3;n facultativa y juicio en contumacia. Francisco Ponce de Le&#xF3;n. -- Existencialismo filos&#xF3;fico. C&#xE9;sar Guardia Mayorga. -- &#xBF;Es el socialismo de estado de los incas un precedente de los gobiernos totalitarios?. Julio C. Guerrero. -- Alimentaci&#xF3;n proteica en el Cuzco. Jorge Kuon Cabello. -- Chinchero un pueblo andino del Sur. Oscar N&#xFA;&#xF1;ez del Prado. -- Un crimen en la casa de Bitoque. &#xC1;ngel Carre&#xF1;o. -- Principios de la metodolog&#xED;a pedag&#xF3;gica. Wilbert Salas Rodr&#xED;guez. -- La compa&#xF1;&#xED;a de Jes&#xFA;s en el Cuzco.  Horacio Villanueva Urteaga. -- El inventario del Ccoricancha. Jorge Cornejo Bouroncle. -- Las cartas a Dios. Efra&#xED;n Morote Best. -- Bol&#xED;var. Rafael Aguilar. -- Motivos argentinos peruanos poemas. Rafael Aguilar. -- Cuzco entra&#xF1;able poemas. Rafael Aguilar. -- Algunas consideraciones sobre cocaismo. Octavio Sandoval. -- La thiosemicarbacida como reactivo de los selenitos y seleniatos. Oswaldo Baca Mendoza. -- Aloys M&#xFC;ller filosofo Alem&#xE1;n cumple setenta a&#xF1;os. Marta Strasberger. -- Cesar Vallejo. Luis Eduardo Enr&#xED;quez. -- Que despierte el le&#xF1;ador de Pablo Neruda. Eustaquio Kallata. -- Informe de la Junta Reorganizadora de la Universidad Nacional del Cuzco presento al se&#xF1;or Ministro de Estado en el despacho de educaci&#xF3;n p&#xFA;blica. Cr&#xF3;nica Universitaria. -- Necrolog&#xED;a Julian Santisteban Ochoa.
</subfield>
  </datafield>
  <datafield tag="650" ind1=" " ind2=" ">
    <subfield code="a">Filosof&#xED;a</subfield>
    <subfield code="9">395</subfield>
  </datafield>
  <datafield tag="650" ind1=" " ind2=" ">
    <subfield code="a">Chinchero</subfield>
    <subfield code="9">30431</subfield>
  </datafield>
  <datafield tag="650" ind1=" " ind2=" ">
    <subfield code="a">Qorikancha</subfield>
    <subfield code="9">30993</subfield>
  </datafield>
  <datafield tag="650" ind1=" " ind2=" ">
    <subfield code="a">Sim&#xF3;n Bol&#xED;var </subfield>
    <subfield code="9">1694</subfield>
  </datafield>
  <datafield tag="650" ind1=" " ind2=" ">
    <subfield code="a">Cesar Vallejo</subfield>
    <subfield code="9">45964</subfield>
  </datafield>
  <datafield tag="650" ind1=" " ind2=" ">
    <subfield code="a">Pablo Neruda</subfield>
    <subfield code="9">45965</subfield>
  </datafield>
  <datafield tag="650" ind1=" " ind2=" ">
    <subfield code="a">Compa&#xF1;&#xED;a de Jes&#xFA;s </subfield>
    <subfield code="9">15260</subfield>
  </datafield>
  <datafield tag="650" ind1=" " ind2=" ">
    <subfield code="a">Alimentaci&#xF3;n</subfield>
    <subfield code="9">19429</subfield>
  </datafield>
  <datafield tag="700" ind1=" " ind2=" ">
    <subfield code="a">Cornejo Bouroncle, Jorge</subfield>
    <subfield code="9">15278</subfield>
  </datafield>
  <datafield tag="700" ind1=" " ind2=" ">
    <subfield code="a">Morote Best, Efra&#xED;n</subfield>
    <subfield code="9">45956</subfield>
  </datafield>
  <datafield tag="700" ind1=" " ind2=" ">
    <subfield code="a">Ponce de Le&#xF3;n, Francisco</subfield>
    <subfield code="9">29819</subfield>
  </datafield>
  <datafield tag="700" ind1=" " ind2=" ">
    <subfield code="a">N&#xFA;&#xF1;ez del Prado, Oscar</subfield>
    <subfield code="9">5531</subfield>
  </datafield>
  <datafield tag="700" ind1=" " ind2=" ">
    <subfield code="a">Carre&#xF1;o, &#xC1;ngel</subfield>
    <subfield code="9">27901</subfield>
  </datafield>
  <datafield tag="700" ind1=" " ind2=" ">
    <subfield code="a">Villanueva Urteaga, Horacio</subfield>
    <subfield code="9">5790</subfield>
  </datafield>
  <datafield tag="700" ind1=" " ind2=" ">
    <subfield code="a">Aguilar, Rafael</subfield>
    <subfield code="9">17799</subfield>
  </datafield>
  <datafield tag="710" ind1=" " ind2=" ">
    <subfield code="a">Universidad Nacional de San Antonio Abad del Cusco</subfield>
    <subfield code="9">15942</subfield>
  </datafield>
  <datafield tag="942" ind1=" " ind2=" ">
    <subfield code="2">ddc</subfield>
    <subfield code="c">PP</subfield>
  </datafield>
  <datafield tag="945" ind1=" " ind2=" ">
    <subfield code="a">rac</subfield>
  </datafield>
  <datafield tag="952" ind1=" " ind2=" ">
    <subfield code="0">0</subfield>
    <subfield code="2">ddc</subfield>
    <subfield code="4">0</subfield>
    <subfield code="7">0</subfield>
    <subfield code="a">HEM</subfield>
    <subfield code="b">HEM</subfield>
    <subfield code="c">CART</subfield>
    <subfield code="d">2021-07-02</subfield>
    <subfield code="g">10.00</subfield>
    <subfield code="o">Rev.Univ/N&#xB0;97/1949</subfield>
    <subfield code="p">REVC000130</subfield>
    <subfield code="r">2021-07-02</subfield>
    <subfield code="y">PP</subfield>
  </datafield>
</record>
